Statistics for City by Park

Click here to take the quiz!

General Stats

  • This quiz has been taken 50 times
  • The average score is 11 of 16

Answer Stats

Answer% Correct
London
100%
New York
98%
Tokyo
94%
San Francisco
92%
Singapore
90%
Madrid
85%
Sydney
75%
Copenhagen
73%
Delhi
71%
Shanghai
60%
Vancouver
56%
Cape Town
50%
Hong Kong
48%
São Paulo
38%
Nairobi
27%
Bangkok
23%

Score Distribution

Percentile by Number Answered

Percent of People with Each Score

Your Score History

You have not taken this quiz